000 01524cam a2200409 i 4500
001 18608051
003 EG-ScBUE
005 20241023082517.0
008 150507t2015 riua f b 001 0 eng d
020 _a9781470423209 (pbk. : acid-free paper)
040 _aDLC
_beng
_erda
_cDLC
_dDLC
_dEG-ScBUE
041 1 _aeng
_hger
082 0 4 _a516.36
_bKUH
_222
100 1 _aKuhnel, Wolfgang,
_d1950-
_eauthor.
240 1 0 _aDifferentialgeometrie.
_lEnglish
245 1 0 _aDifferential geometry :
_bcurves, surfaces, manifolds /
_cWolfgang Kuhnel ; translated by Bruce Hunt.
250 _aThird edition.
264 1 _aProvidence, Rhode Island :
_bAmerican Mathematical Society,
_c[2015]
264 4 _cc2015
300 _axii, 402 pages :
_billustrations ;
_c22 cm.
336 _2rdacontent
_atext
_btxt
337 _aunmediated
_2rdamedia
_bn
338 _avolume
_bnc
_2rdacarrier
490 0 _aStudent mathematical library ;
_vvolume 77
504 _aIncludes bibliographical references and index.
546 _aText in English ; translated from the original German.
650 7 _aGeometry, Differential.
_2BUEsh
650 7 _aCurves.
_2BUEsh
_940870
650 7 _aSurfaces.
_2BUEsh
650 7 _aManifolds (Mathematics)
_2BUEsh
_928600
651 _2BUEsh
653 _bENGGEN
_cFebruary2017
655 _vReading book
_934232
700 1 _aHunt, Bruce,
_d1958-
_etranslator.
942 _2ddc
_cBB
999 _c24131
_d24103